Complete a Letra de Águas de Março - Elis Regina - Statistics

Estatísticas Gerais
  • Esse quiz foi jogado 231 vezes
  • A pontuação média é 37 de 62
Estatísticas das Respostas
Letra % Correto
É {pau}
99%
É {pedra}
99%
{Pedra} de atiradeira
99%
É o fim do {caminho}
98%
É o fim {do} {caminho}
98%
É um caco de {vidro}, é a vida, é o Sol
93%
É um pouco {sozinho}
88%
É um pouco {sozinho}
88%
É um pouco {sozinho}
88%
Das {águas} {de} {março}
81%
São as {águas} {de} {março} fechando o verão
81%
São as {águas} {de} {março} fechando o verão
81%
São as {águas} {de} {março} fechando o verão
81%
São as {águas} {de} {março} fechando o verão
81%
É um {resto} de toco
79%
É a promessa de {vida} no teu coração
76%
É a promessa de {vida} no teu coração
76%
É a promessa de {vida} no teu coração
76%
É a promessa de vida no teu {coração}
74%
É madeira de {vento}
74%
É o {vento} ventando, é o fim da ladeira
74%
É a {chuva} chovendo, é conversa ribeira
73%
É pau, {é} {pedra}
67%
É o {fim} do caminho
64%
É um espinho na {mão}
64%
Passarinho na {mão}
64%
É peroba do {campo}, é o nó da madeira
62%
É o {fundo} do poço
61%
É um resto {de} {toco}
61%
É um sapo, é {uma} {rã}
60%
É a noite, é a {morte}
59%
É um {sapo}, é uma rã
59%
Caingá candeia, é o {matita}-pereira
56%
É o mistério profundo, é o {queira} ou não {queira}
56%
É uma cobra, é um pau, é João, é {José}
55%
É um pedaço de {pão}
55%
É a lenha, é o dia, é o fim da {picada}
53%
É a {luz} da manhã, é o tijolo chegando
53%
É uma {ave} no céu
51%
É uma {ave} no chão
51%
É um corte {no} {pé}
48%
No rosto um {desgosto}
46%
É o carro enguiçado, é {a} {lama}, é {a} {lama}
44%
É uma conta, é {um} {conto}
44%
É um {laço}, é o anzol
44%
É o pé, é {o} {chão}
43%
É um pingo, {pingando}
43%
É um belo {horizonte}, é uma febre terçã
42%
É o fim da {canseira}
41%
É a {marcha} estradeira
40%
É um passo, é {uma} {ponte}
39%
É um regato, é uma {fonte}
38%
É a garrafa de cana, o {estilhaço} na estrada
36%
É uma conta, é {um} {ponto}
36%
É o projeto da casa, é o {corpo} na cama
34%
É a viga, é o vão, festa da {cumeeira}
33%
É uma prata {brilhando}
33%
{Tombo} da ribanceira
31%
É um {passo}, é uma ponte
30%
É um resto de {mato} na luz da manhã
29%
É um estrepe, é {um} {prego}
28%
É um peixe, é um {gesto}
28%
Nenhum quiz correspondente encontrado
Distribuição das Pontuações
Porcentagem de Pessoas com Cada Pontuação
Percentil de Números Respondidos
Sua Pontuação Histórica
Você não jogou esse quiz